[Event "Najdorf Memorial B"]
[Site "Warsaw POL"]
[Date "2021.07.11"]
[Round "2.15"]
[White "Kurowski, Maciej"]
[Black "Rytel, Jan"]
[Result "1/2-1/2"]
[WhiteElo "1627"]
[BlackElo "1350"]
[EventDate "2021.07.10"]
[PlyCount "155"]
[LiveChessVersion "1.4.8"]

1.d4 {[%clk 1:30:55]} 1...d5 {[%clk 1:30:51]} 2.Nc3 {[%clk 1:31:15]} 2...e6 
{[%clk 1:31:01]} 3.Bf4 {[%clk 1:31:19]} 3...Nf6 {[%clk 1:31:09]} 4.e3 {[%clk
1:31:36]} 4...Bd6 {[%clk 1:31:21]} 5.Nf3 {[%clk 1:29:56]} 5...Bxf4 {[%clk
1:29:41]} 6.exf4 {[%clk 1:30:08]} 6...O-O {[%clk 1:28:42]} 7.Ne5 {[%clk
1:29:22]} 7...Nbd7 {[%clk 1:28:13]} 8.Bd3 {[%clk 1:23:32]} 8...c5 {[%clk
1:27:54]} 9.dxc5 {[%clk 1:22:39]} 9...Nxc5 {[%clk 1:28:10]} 10.O-O {[%clk
1:20:48]} 10...Nxd3 {[%clk 1:24:31]} 11.Qxd3 {[%clk 1:21:09]} 11...a6 {[%clk
1:24:18]} 12.Ne2 {[%clk 1:13:49]} 12...Nd7 {[%clk 1:23:18]} 13.Rfd1 {[%clk
1:03:16]} 13...Nxe5 {[%clk 1:22:56]} 14.fxe5 {[%clk 1:02:13]} 14...Qc7 {[%clk
1:23:10]} 15.Qc3 {[%clk 0:57:39]} 15...Qxc3 {[%clk 1:21:06]} 16.Nxc3 {[%clk
0:58:06]} 16...b5 17.Ne2 {[%clk 0:48:56]} 17...Bb7 {[%clk 1:20:06]} 18.Nd4 
{[%clk 0:48:49]} 18...Rac8 {[%clk 1:19:20]} 19.a3 {[%clk 0:45:45]} 19...Rc4 
{[%clk 1:18:08]} 20.c3 {[%clk 0:45:40]} 20...Bc8 {[%clk 1:11:38]} 21.g3 {[%clk
0:42:50]} 21...Bd7 {[%clk 1:07:36]} 22.f3 {[%clk 0:29:19]} 22...Rcc8 {[%clk
1:05:26]} 23.Kg2 {[%clk 0:29:04]} 23...f6 {[%clk 1:05:14]} 24.exf6 {[%clk
0:25:25]} 24...gxf6 {[%clk 1:04:42]} 25.f4 {[%clk 0:24:33]} 25...e5 {[%clk
1:03:50]} 26.fxe5 {[%clk 0:24:21]} 26...fxe5 {[%clk 1:03:42]} 27.Nc2 {[%clk
0:23:57]} 27...Bc6 {[%clk 0:59:41]} 28.Nb4 {[%clk 0:23:21]} 28...Bb7 {[%clk
0:59:58]} 29.Kg1 {[%clk 0:22:52]} 29...Rcd8 {[%clk 0:58:33]} 30.a4 {[%clk
0:18:16]} 30...d4 {[%clk 0:56:22]} 31.cxd4 {[%clk 0:18:20]} 31...Rxd4 {[%clk
0:50:27]} 32.Rxd4 {[%clk 0:18:23]} 32...exd4 {[%clk 0:50:50]} 33.axb5 {[%clk
0:18:30]} 33...axb5 {[%clk 0:51:01]} 34.Rd1 {[%clk 0:16:16]} 34...Rd8 {[%clk
0:50:51]} 35.Kf2 {[%clk 0:11:45]} 35...Rf8+ {[%clk 0:49:31]} 36.Ke1 {[%clk
0:10:58]} 36...Re8+ {[%clk 0:49:36]} 37.Kd2 {[%clk 0:09:47]} 37...Bf3 {[%clk
0:42:09]} 38.Re1 {[%clk 0:09:20]} 38...Rxe1 {[%clk 0:42:24]} 39.Kxe1 {[%clk
0:09:49]} 39...Be4 {[%clk 0:42:07]} 40.Kd2 {[%clk 0:09:47]} 40...Kf7 {[%clk
0:42:23]} 41.Nc2 {[%clk 0:09:49]} 41...d3 {[%clk 0:41:25]} 42.Ne1 {[%clk
0:10:02]} 42...Kf6 {[%clk 0:41:09]} 43.Nxd3 {[%clk 0:10:15]} 43...Kf5 {[%clk
0:41:26]} 44.Nf2 {[%clk 0:09:45]} 44...Bc6 {[%clk 0:41:20]} 45.Ke3 {[%clk
0:09:57]} 45...h5 {[%clk 0:40:52]} 46.Kd4 {[%clk 0:09:18]} 46...Ke6 {[%clk
0:41:04]} 47.Nd3 {[%clk 0:04:45]} 47...Kf5 {[%clk 0:40:33]} 48.Ne5 {[%clk
0:02:57]} 48...Be8 {[%clk 0:38:46]} 49.b4 {[%clk 0:01:53]} 49...Ke6 {[%clk
0:38:58]} 50.h4 {[%clk 0:01:39]} 50...Kf5 {[%clk 0:38:54]} 51.Kd5 {[%clk
0:01:43]} 51...Kf6 {[%clk 0:38:59]} 52.Ke4 {[%clk 0:01:05]} 52...Ke6 {[%clk
0:38:35]} 53.g4 {[%clk 0:00:59]} 53...hxg4 {[%clk 0:38:55]} 54.Nxg4 {[%clk
0:01:22]} 54...Bh5 {[%clk 0:36:07]} 55.Ne3 {[%clk 0:01:36]} 55...Bg6+ {[%clk
0:35:36]} 56.Kf4 {[%clk 0:01:01]} 56...Bf7 {[%clk 0:32:30]} 57.Ke4 {[%clk
0:01:12]} 57...Bg6+ {[%clk 0:32:37]} 58.Kd4 {[%clk 0:01:37]} 58...Be8 {[%clk
0:32:28]} 59.Kc5 {[%clk 0:01:44]} 59...Kf6 {[%clk 0:30:24]} 60.Nd5+ {[%clk
0:01:45]} 60...Kg6 {[%clk 0:30:29]} 61.h5+ {[%clk 0:01:56]} 61...Kg5 {[%clk
0:29:59]} 62.Nc7 {[%clk 0:01:14]} 62...Bxh5 {[%clk 0:30:16]} 63.Kxb5 {[%clk
0:01:35]} 63...Be2+ {[%clk 0:30:15]} 64.Kc5 {[%clk 0:01:51]} 64...Kf5 {[%clk
0:30:27]} 65.Nd5 {[%clk 0:02:09]} 65...Ke5 {[%clk 0:28:53]} 66.Ne3 {[%clk
0:02:18]} 66...Ke6 {[%clk 0:29:10]} 67.Nc4 {[%clk 0:02:38]} 67...Kd7 {[%clk
0:29:31]} 68.b5 {[%clk 0:02:57]} 68...Kc7 {[%clk 0:29:47]} 69.b6+ {[%clk
0:03:22]} 69...Kb8 {[%clk 0:29:38]} 70.Ne5 {[%clk 0:03:36]} 70...Kb7 {[%clk
0:29:35]} 71.Nc6 {[%clk 0:03:16]} 71...Bf3 {[%clk 0:29:31]} 72.Na5+ {[%clk
0:03:38]} 72...Ka6 {[%clk 0:29:17]} 73.Nc4 {[%clk 0:03:46]} 73...Kb7 {[%clk
0:27:38]} 74.Nd6+ {[%clk 0:03:53]} 74...Kb8 {[%clk 0:27:18]} 75.Kb5 {[%clk
0:04:10]} 75...Bg2 76.Ka6 Bf3 77.b7 Bxb7+ {[%clk 0:23:58]} 78.Nxb7 {[%clk
0:04:00]} 1/2-1/2

[Event "Najdorf Memorial B"]
[Site "Warsaw POL"]
[Date "2021.07.11"]
[Round "2.16"]
[White "Marciniak, Kajetan"]
[Black "Mrozinski, Mateusz"]
[Result "0-1"]
[WhiteElo "1376"]
[BlackElo "1623"]
[EventDate "2021.07.10"]
[PlyCount "96"]
[LiveChessVersion "1.4.8"]

1.Nf3 {[%clk 1:30:56]} 1...Nf6 {[%clk 1:30:39]} 2.c4 {[%clk 1:31:06]} 2...b6 
{[%clk 1:29:43]} 3.g3 {[%clk 1:28:57]} 3...Bb7 {[%clk 1:29:34]} 4.Bg2 {[%clk
1:29:21]} 4...e6 {[%clk 1:29:01]} 5.O-O {[%clk 1:28:44]} 5...Be7 {[%clk
1:29:19]} 6.b3 {[%clk 1:27:19]} 6...O-O {[%clk 1:29:19]} 7.Bb2 {[%clk 1:27:47]} 
7...d6 {[%clk 1:28:59]} 8.d4 {[%clk 1:24:19]} 8...Nbd7 {[%clk 1:28:47]} 9.Nc3 
{[%clk 1:20:49]} 9...Ne4 {[%clk 1:24:49]} 10.Qc2 {[%clk 1:14:38]} 10...Nxc3 
{[%clk 1:21:57]} 11.Bxc3 {[%clk 1:13:29]} 11...f5 {[%clk 1:21:23]} 12.Rad1 
{[%clk 1:08:06]} 12...Be4 {[%clk 1:18:17]} 13.Qb2 {[%clk 1:03:41]} 13...d5 
{[%clk 1:17:57]} 14.Ne5 {[%clk 1:00:26]} 14...Bxg2 {[%clk 1:11:41]} 15.Kxg2 
{[%clk 1:00:54]} 15...Qe8 {[%clk 1:00:47]} 16.Qb1 {[%clk 0:51:58]} 16...Nf6 
{[%clk 0:57:54]} 17.cxd5 {[%clk 0:45:01]} 17...Nxd5 {[%clk 0:56:26]} 18.Ba1 
{[%clk 0:44:45]} 18...f4 {[%clk 0:50:07]} 19.Qe4 {[%clk 0:40:05]} 19...Bd6 
{[%clk 0:42:54]} 20.Rc1 {[%clk 0:34:16]} 20...Rf6 {[%clk 0:40:14]} 21.Bc3 
{[%clk 0:29:49]} 21...Qh5 {[%clk 0:32:42]} 22.Bd2 {[%clk 0:27:21]} 22...Rh6 
{[%clk 0:30:08]} 23.Rh1 {[%clk 0:26:52]} 23...Qh3+ {[%clk 0:29:24]} 24.Kg1 
{[%clk 0:25:14]} 24...Rf8 {[%clk 0:28:52]} 25.Qg2 {[%clk 0:23:14]} 25...Qh5 
{[%clk 0:25:01]} 26.Qf3 {[%clk 0:21:24]} 26...Qg5 {[%clk 0:19:18]} 27.h4 {[%clk
0:19:54]} 27...Qe7 {[%clk 0:16:55]} 28.Qe4 {[%clk 0:15:55]} 28...Bxe5 {[%clk
0:15:36]} 29.Qxe5 {[%clk 0:14:57]} 29...Rg6 {[%clk 0:15:21]} 30.e4 {[%clk
0:14:42]} 30...fxe3 {[%clk 0:13:49]} 31.fxe3 {[%clk 0:14:18]} 31...Rf3 {[%clk
0:13:06]} 32.Be1 {[%clk 0:11:57]} 32...Rxe3 {[%clk 0:12:07]} 33.Qh5 {[%clk
0:11:07]} 33...Nf4 {[%clk 0:11:17]} 34.Qb5 {[%clk 0:09:46]} 34...Ne2+ {[%clk
0:11:09]} 35.Kf2 {[%clk 0:09:09]} 35...Rgxg3 {[%clk 0:11:06]} 36.Bb4 {[%clk
0:05:28]} 36...Qf7+ {[%clk 0:10:29]} 37.Ke1 {[%clk 0:05:52]} 37...Nxc1+ {[%clk
0:09:59]} 38.Kd2 {[%clk 0:05:57]} 38...Qf2+ {[%clk 0:03:00]} 39.Kxc1 {[%clk
0:05:31]} 39...Rg1+ {[%clk 0:03:05]} 40.Rxg1 Qxg1+ 41.Kb2 {[%clk 0:05:04]} 
41...Qg2+ {[%clk 0:02:58]} 42.Ka3 {[%clk 0:05:09]} 42...c6 {[%clk 0:03:12]} 
43.Qa6 {[%clk 0:04:32]} 43...h5 {[%clk 0:02:48]} 44.Qc8+ {[%clk 0:04:22]} 
44...Kh7 {[%clk 0:02:56]} 45.Qe8 {[%clk 0:04:29]} 45...Qd5 {[%clk 0:02:38]} 
46.Bd2 {[%clk 0:04:32]} 46...Re2 {[%clk 0:02:43]} 47.Bb4 {[%clk 0:03:53]} 
47...a5 {[%clk 0:02:51]} 48.Bd6 {[%clk 0:03:09]} 48...Qxd6+ {[%clk 0:03:07]} 0-1

[Event "Najdorf Memorial B"]
[Site "Warsaw POL"]
[Date "2021.07.11"]
[Round "2.17"]
[White "Wieckowski, Michal"]
[Black "Klim, Juliusz"]
[Result "1/2-1/2"]
[WhiteElo "1614"]
[BlackElo "1344"]
[EventDate "2021.07.10"]
[PlyCount "97"]
[LiveChessVersion "1.4.8"]

1.d4 {[%clk 1:30:59]} 1...d5 {[%clk 1:30:52]} 2.c4 {[%clk 1:31:27]} 2...e6 
{[%clk 1:31:15]} 3.Nc3 {[%clk 1:31:56]} 3...a6 {[%clk 1:30:26]} 4.cxd5 {[%clk
1:31:15]} 4...exd5 {[%clk 1:30:00]} 5.Nf3 {[%clk 1:31:14]} 5...Nf6 {[%clk
1:29:30]} 6.Bg5 {[%clk 1:31:31]} 6...Be7 {[%clk 1:26:03]} 7.e3 {[%clk 1:31:07]} 
7...Bf5 {[%clk 1:24:00]} 8.Qb3 {[%clk 1:23:50]} 8...Nbd7 {[%clk 1:14:19]} 9.Be2 
{[%clk 1:05:31]} 9...Nb6 {[%clk 1:10:35]} 10.O-O {[%clk 1:05:25]} 10...O-O 
{[%clk 1:09:00]} 11.Rac1 {[%clk 1:01:11]} 11...Re8 {[%clk 0:59:36]} 12.Rfd1 
{[%clk 0:56:59]} 12...Ne4 {[%clk 0:56:25]} 13.Bxe7 {[%clk 0:56:13]} 13...Rxe7 
{[%clk 0:56:27]} 14.Nxe4 {[%clk 0:56:03]} 14...Bxe4 {[%clk 0:56:14]} 15.Nd2 
{[%clk 0:55:42]} 15...Bf5 {[%clk 0:55:35]} 16.Bf3 {[%clk 0:55:18]} 16...Rc8 
{[%clk 0:49:14]} 17.Rc5 c6 {[%clk 0:44:55]} 18.Rdc1 {[%clk 0:36:04]} 18...Nd7 
{[%clk 0:37:05]} 19.R5c3 {[%clk 0:36:22]} 19...Nf6 {[%clk 0:36:02]} 20.a4 
{[%clk 0:28:24]} 20...h6 {[%clk 0:29:16]} 21.Rc5 {[%clk 0:23:45]} 21...Rec7 
{[%clk 0:26:25]} 22.R5c3 {[%clk 0:18:12]} 22...Be6 {[%clk 0:25:04]} 23.Qb4 
{[%clk 0:17:40]} 23...Nd7 {[%clk 0:20:20]} 24.Nb3 {[%clk 0:17:39]} 24...b6 
{[%clk 0:18:20]} 25.Qd6 {[%clk 0:12:11]} 25...Qf8 {[%clk 0:17:19]} 26.Qxf8+ 
{[%clk 0:12:09]} 26...Kxf8 {[%clk 0:17:25]} 27.a5 {[%clk 0:11:23]} 27...bxa5 
{[%clk 0:15:58]} 28.Nc5 {[%clk 0:07:26]} 28...Nxc5 29.Rxc5 Rb7 {[%clk 0:12:18]} 
30.Rxa5 {[%clk 0:06:23]} 30...Rxb2 {[%clk 0:12:19]} 31.Rxa6 {[%clk 0:06:47]} 
31...Bd7 {[%clk 0:10:08]} 32.h3 {[%clk 0:06:58]} 32...f5 {[%clk 0:09:52]} 
33.Ra7 {[%clk 0:07:05]} 33...Ke8 {[%clk 0:09:22]} 34.Ra5 {[%clk 0:06:21]} 
34...Rcb8 {[%clk 0:09:01]} 35.Rca1 {[%clk 0:05:45]} 35...Rb1+ {[%clk 0:08:14]} 
36.Kh2 {[%clk 0:06:11]} 36...Rxa1 {[%clk 0:08:31]} 37.Rxa1 {[%clk 0:06:40]} 
37...Rb2 {[%clk 0:08:48]} 38.Kg3 {[%clk 0:06:57]} 38...Ke7 {[%clk 0:09:03]} 
39.Re1 {[%clk 0:06:52]} 39...g5 {[%clk 0:09:05]} 40.Re2 {[%clk 0:06:59]} 
40...Rb4 {[%clk 0:08:52]} 41.Rd2 {[%clk 0:04:57]} 41...Be8 {[%clk 0:08:10]} 
42.Be2 {[%clk 0:04:45]} 42...Rb3 {[%clk 0:08:09]} 43.Bd3 {[%clk 0:04:14]} 
43...Bg6 {[%clk 0:07:50]} 44.Kh2 {[%clk 0:03:59]} 44...Kf6 {[%clk 0:07:36]} 
45.Rd1 {[%clk 0:02:05]} 45...Bh5 {[%clk 0:07:27]} 46.Rd2 {[%clk 0:02:07]} 
46...f4 {[%clk 0:07:14]} 47.e4 {[%clk 0:01:50]} 47...dxe4 {[%clk 0:06:54]} 
48.Bxe4 {[%clk 0:02:19]} 48...Be8 {[%clk 0:06:42]} 49.Rc2 {[%clk 0:02:28]} 1/2-1/2

[Event "Najdorf Memorial B"]
[Site "Warsaw POL"]
[Date "2021.07.11"]
[Round "2.18"]
[White "Skowron, Dawid"]
[Black "Chmielewski, Miroslaw"]
[Result "1-0"]
[WhiteElo "1349"]
[BlackElo "1604"]
[EventDate "2021.07.10"]
[PlyCount "77"]
[LiveChessVersion "1.4.8"]

1.e4 {[%clk 1:30:59]} 1...e5 {[%clk 1:29:14]} 2.Nf3 {[%clk 1:31:23]} 2...Nc6 
{[%clk 1:28:53]} 3.Bc4 {[%clk 1:31:25]} 3...Bc5 {[%clk 1:28:04]} 4.c3 {[%clk
1:31:31]} 4...d6 {[%clk 1:26:36]} 5.d4 {[%clk 1:31:14]} 5...exd4 {[%clk
1:25:47]} 6.cxd4 {[%clk 1:31:39]} 6...Bb4+ {[%clk 1:25:06]} 7.Bd2 {[%clk
1:31:27]} 7...Bxd2+ {[%clk 1:25:06]} 8.Nbxd2 {[%clk 1:31:52]} 8...Nf6 {[%clk
1:24:47]} 9.O-O {[%clk 1:32:04]} 9...O-O {[%clk 1:25:08]} 10.Re1 {[%clk
1:31:58]} 10...Bg4 {[%clk 1:22:14]} 11.h3 {[%clk 1:28:09]} 11...Bh5 {[%clk
1:22:28]} 12.Qb3 {[%clk 1:27:57]} 12...Na5 {[%clk 1:21:47]} 13.Qc3 {[%clk
1:25:44]} 13...Nxc4 {[%clk 1:21:22]} 14.Qxc4 {[%clk 1:26:06]} 14...Bxf3 {[%clk
1:19:10]} 15.Nxf3 {[%clk 1:26:27]} 15...Nxe4 {[%clk 1:19:09]} 16.Qd5 {[%clk
1:25:26]} 16...Nf6 {[%clk 1:19:25]} 17.Qxb7 {[%clk 1:24:57]} 17...Qd7 {[%clk
1:18:32]} 18.b3 {[%clk 1:23:50]} 18...Rfb8 {[%clk 1:16:32]} 19.Qa6 {[%clk
1:24:05]} 19...h6 {[%clk 1:16:26]} 20.Rac1 {[%clk 1:21:41]} 20...Rb6 {[%clk
1:12:30]} 21.Qc4 {[%clk 1:17:14]} 21...c6 {[%clk 1:11:40]} 22.Qa4 {[%clk
1:17:17]} 22...Nd5 {[%clk 1:07:13]} 23.a3 {[%clk 1:09:21]} 23...Nf4 {[%clk
0:58:21]} 24.Rcd1 {[%clk 1:02:47]} 24...Qb7 {[%clk 0:55:26]} 25.b4 {[%clk
1:02:12]} 25...Nd5 {[%clk 0:52:25]} 26.Rc1 {[%clk 0:58:48]} 26...Rb5 {[%clk
0:39:41]} 27.Qc2 {[%clk 0:56:30]} 27...Rc8 {[%clk 0:35:21]} 28.Nd2 {[%clk
0:54:55]} 28...Qd7 {[%clk 0:34:25]} 29.Nb3 {[%clk 0:52:40]} 29...f5 {[%clk
0:29:12]} 30.Qc4 {[%clk 0:50:43]} 30...Kh8 {[%clk 0:29:02]} 31.Na5 {[%clk
0:50:27]} 31...Rb6 {[%clk 0:23:15]} 32.Qb3 {[%clk 0:47:56]} 32...f4 {[%clk
0:21:35]} 33.Re2 {[%clk 0:44:28]} 33...Rf8 {[%clk 0:20:19]} 34.Qf3 {[%clk
0:43:41]} 34...Rf5 {[%clk 0:07:58]} 35.Rec2 {[%clk 0:42:10]} 35...g5 {[%clk
0:03:30]} 36.Nxc6 {[%clk 0:39:51]} 36...Qg7 {[%clk 0:02:51]} 37.Qe4 {[%clk
0:36:24]} 37...Qf8 {[%clk 0:01:18]} 38.Nxa7 {[%clk 0:36:25]} 38...Kg7 {[%clk
0:00:31]} 39.Re1 {[%clk 0:31:03]} 1-0

[Event "Najdorf Memorial B"]
[Site "Warsaw POL"]
[Date "2021.07.11"]
[Round "2.19"]
[White "Arciszewska, Zuzanna"]
[Black "Wawrzos, Leszek"]
[Result "1-0"]
[WhiteElo "1604"]
[BlackElo "1318"]
[EventDate "2021.07.10"]
[PlyCount "83"]
[BlackTitle "II"]
[WhiteTitle "I++"]

1.d4 Nf6 2.Nf3 g6 3.c4 c5 4.Nc3 cxd4 5.Nxd4 a6 6.g3 Bg7 7.Bg2 Qc7 8.b3 O-O 
9.Bb2 Nc6 10.O-O e5 11.Nf3 Re8 12.e3 d6 13.Rc1 Bg4 14.Qd2 Rad8 15.h3 Bc8 
16.Rfd1 Qb8 17.Ba3 Bf8 18.Ng5 Be6 19.Nge4 Be7 20.Bxd6 Nxe4 21.Nxe4 f5 22.Bxb8 
Rxd2 23.Nxd2 Rxb8 24.Bd5 Kf7 25.Nb1 Nb4 26.a3 Nxd5 27.cxd5 Bd7 28.Rc7 Ke8 29.d6 
Bd8 30.Rc5 Bf6 31.Nc3 e4 32.Nd5 Bd8 33.Nc7+ Kf7 34.b4 h5 35.Nd5 b6 36.Rc7 Ke8 
37.Ra7 Bb5 38.Rg7 Be2 39.Rc1 g5 40.Nc7+ Kf8 41.Ne6+ Ke8 42.d7# {White mates} 1-0

[Event "Najdorf Memorial B"]
[Site "Warsaw POL"]
[Date "2021.07.11"]
[Round "2.20"]
[White "Adamowicz, Michal"]
[Black "Kalvaitis, Gintautas"]
[Result "1-0"]
[WhiteElo "1333"]
[BlackElo "1592"]
[EventDate "2021.07.10"]
[PlyCount "49"]
[WhiteTitle "II"]

1.e4 e5 2.Nc3 Nc6 3.Bc4 Nf6 4.d3 d6 5.Nge2 Be7 6.O-O O-O 7.f4 exf4 8.Bxf4 Nh5 
9.Be3 Bg5 10.Qd2 Bxe3+ 11.Qxe3 Ne5 12.Bb3 Ng4 13.Qd2 Qh4 14.h3 Nh6 15.Rf3 Be6 
16.g4 Bxg4 17.hxg4 Qxg4+ 18.Kf2 Qh4+ 19.Kg2 Qg4+ 20.Ng3 Qg6 21.Nd5 Kh8 22.Rh1 
Nf6 23.Nxf6 gxf6 24.Rxh6 Qg4 25.Qf4 1-0

[Event "Najdorf Memorial B"]
[Site "Warsaw POL"]
[Date "2021.07.11"]
[Round "2.21"]
[White "Kaczmarek, Tomasz"]
[Black "Krogulski, Maksymilian"]
[Result "1-0"]
[WhiteElo "1586"]
[BlackElo "1313"]
[EventDate "2021.07.10"]
[PlyCount "93"]
[BlackTitle "II+"]
[WhiteTitle "II+"]

1.d4 d5 2.Nf3 Nf6 3.g3 e6 4.Bg2 c5 5.e3 Nc6 6.O-O Be7 7.b3 O-O 8.Bb2 b6 9.Nbd2 
Ba6 10.Re1 Rc8 11.a3 cxd4 12.exd4 Bb7 13.Ne5 Re8 14.Ndf3 Nxe5 15.Nxe5 Qc7 
16.Rc1 Bd6 17.f4 Nd7 18.Bf1 Nxe5 19.fxe5 Be7 20.Bd3 Bg5 21.Qh5 h6 22.Rcd1 Be7 
23.Rf1 Bf8 24.Rxf7 Qxf7 25.Bh7+ Kxh7 26.Qxf7 Re7 27.Qf1 Kg8 28.Rd2 Rec7 29.c3 
a5 30.Rf2 Bc6 31.Qh3 Bd7 32.Qh5 Be8 33.Qg4 Bf7 34.a4 h5 35.Qh3 g6 36.g4 hxg4 
37.Qxg4 Bh6 38.Kh1 g5 39.h4 Rxc3 40.Bxc3 Rxc3 41.hxg5 Rc1+ 42.Kg2 Bg7 43.g6 
Rg1+ 44.Kxg1 Bxg6 45.Qxg6 b5 46.Rf7 b4 47.Qxg7# {White mates} 1-0

[Event "Najdorf Memorial B"]
[Site "Warsaw POL"]
[Date "2021.07.11"]
[Round "2.22"]
[White "Smetek, Michal"]
[Black "Jaroszuk, Marcin"]
[Result "1-0"]
[WhiteElo "1315"]
[BlackElo "1571"]
[EventDate "2021.07.10"]
[PlyCount "65"]
[BlackTitle "I+"]
[WhiteTitle "II"]

1.d4 Nf6 2.Nf3 e6 3.Bf4 c5 4.e3 Qb6 5.Qc1 Nc6 6.c3 d5 7.h3 Ne4 8.Bd3 Bd6 9.Bxd6 
Nxd6 10.Nbd2 Bd7 11.O-O Rc8 12.Qb1 cxd4 13.exd4 Qd8 14.Re1 h6 15.Qd1 O-O 16.Ne5 
Nxe5 17.Rxe5 Nc4 18.Nxc4 dxc4 19.Bc2 Bc6 20.Qg4 Qf6 21.Rae1 Rfd8 22.f4 Rd5 
23.Rxd5 Bxd5 24.Re5 Kf8 25.Rxd5 exd5 26.Qxc8+ Ke7 27.Qxb7+ Kd8 28.Qxd5+ Kc8 
29.Qxc4+ Kb8 30.Qb5+ Kc8 31.Qc5+ Kd8 32.Qd5+ Kc8 33.Qf5+ 1-0

[Event "Najdorf Memorial B"]
[Site "Warsaw POL"]
[Date "2021.07.11"]
[Round "2.23"]
[White "Rzenca, Jerzy"]
[Black "Marczuk, Wojciech"]
[Result "1-0"]
[WhiteElo "1569"]
[BlackElo "1310"]
[EventDate "2021.07.10"]
[PlyCount "57"]
[BlackTitle "II"]
[WhiteTitle "I"]

1.c4 Nf6 2.g3 c5 3.Bg2 d5 4.cxd5 Nxd5 5.Nc3 Nc7 6.Qb3 Nc6 7.Bxc6+ bxc6 8.Qa4 
Bd7 9.d3 e5 10.Nf3 f6 11.h4 Bd6 12.Ne4 Qe7 13.Nfd2 Ne6 14.Nxd6+ Qxd6 15.Ne4 Qd5 
16.O-O Nd4 17.Nc3 Qe6 18.Be3 O-O 19.Qc4 Rf7 20.Qxe6 Bxe6 21.b3 a5 22.Rac1 Ra6 
23.Rfe1 Bxb3 24.axb3 Nxb3 25.Rb1 Rb7 26.Na4 Rb5 27.Rxb3 Rxb3 28.Nxc5 a4 29.Nxa6 1-0

[Event "Najdorf Memorial B"]
[Site "Warsaw POL"]
[Date "2021.07.11"]
[Round "2.24"]
[White "Andersen, Martin K"]
[Black "Grunas, Jakub"]
[Result "0-1"]
[WhiteElo "1556"]
[BlackElo "1301"]
[EventDate "2021.07.10"]
[PlyCount "128"]
[BlackTitle "II"]

1.d4 d5 2.c4 c6 3.Nc3 Nf6 4.Nf3 dxc4 5.a4 Bf5 6.e3 Nbd7 7.Bxc4 e6 8.O-O Bb4 
9.Qb3 a5 10.Bd2 Bg4 11.Ne1 Nb6 12.Nc2 Nxc4 13.Qxc4 Bd6 14.e4 Bc7 15.Bg5 h6 
16.Bh4 g5 17.Bg3 O-O 18.f4 Nh5 19.Ne3 Nxg3 20.hxg3 Bh5 21.f5 Bxg3 22.fxe6 Bf4 
23.Nf5 Qf6 24.d5 cxd5 25.Nxd5 Qxe6 26.Rxf4 gxf4 27.Rf1 f3 28.Qd4 f6 29.Nf4 Qe8 
30.Nxh6+ Kh7 31.Nxh5 Qxh5 32.Rxf3 Rad8 33.Qe3 Rd1+ 34.Kf2 Rfd8 35.Rh3 R8d2+ 
36.Kg3 Qxh3+ 37.gxh3 Rd3 38.Nf5 Rxe3+ 39.Nxe3 Rd4 40.b3 Rxe4 41.Nc4 Kg6 42.Nxa5 
Rb4 43.Kf2 b6 44.Nc4 Rxb3 45.Ne3 Kg5 46.Nd5 f5 47.Kg2 Kh4 48.Ne7 Rb2+ 49.Kf3 
Kxh3 50.Nxf5 Rb4 51.Ke3 Rxa4 52.Kd3 Ra5 53.Nd4 Rc5 54.Nb3 Rc8 55.Nd2 b5 56.Kd4 
Kg4 57.Ne4 b4 58.Nd2 Kf4 59.Nc4 b3 60.Nb2 Kf3 61.Kd3 Kf2 62.Na4 Ke1 63.Nb2 Rc2 
64.Na4 Kd1 0-1

[Event "Najdorf Memorial B"]
[Site "Warsaw POL"]
[Date "2021.07.11"]
[Round "2.25"]
[White "Jaworowski, Andre"]
[Black "Kwiecinski, Rafal"]
[Result "0-1"]
[WhiteElo "1303"]
[BlackElo "1538"]
[EventDate "2021.07.10"]
[PlyCount "97"]
[BlackTitle "I+"]

1.d4 Nf6 2.Bg5 h6 3.Bh4 d5 4.Nf3 Nc6 5.e3 Bg4 6.h3 Bh5 7.g4 Bg6 8.Bd3 Ne4 9.Ne5 
Nxe5 10.dxe5 Bh7 11.f3 g5 12.Bf2 Nxf2 13.Kxf2 Qd7 14.Bxh7 Rxh7 15.Nc3 O-O-O 
16.Qd3 Rh8 17.Rhd1 e6 18.f4 gxf4 19.exf4 Bc5+ 20.Kf3 Rdf8 21.Kg3 Rd8 22.a3 Be7 
23.Qd4 c5 24.Qa4 Qxa4 25.Nxa4 d4 26.b3 Kb8 27.Rd3 b5 28.Nb2 f6 29.exf6 Bxf6 
30.Re1 Rhe8 31.a4 a6 32.axb5 axb5 33.Rd2 d3 34.Rxd3 Bxb2 35.Rxd8+ Rxd8 36.Rxe6 
Rd2 37.Rxh6 b4 38.f5 Rxc2 39.f6 Be5+ 40.Kh4 Rf2 41.g5 Kc7 42.Kh5 c4 43.Rh7+ Kd8 
44.bxc4 b3 45.Rb7 b2 46.c5 Ke8 47.f7+ Kf8 48.Rb5 Rxf7 49.Kg6 0-1

[Event "Najdorf Memorial B"]
[Site "Warsaw POL"]
[Date "2021.07.11"]
[Round "2.26"]
[White "Zimochocki, Roman"]
[Black "Kozak, Jan"]
[Result "1-0"]
[WhiteElo "1535"]
[BlackElo "1285"]
[EventDate "2021.07.10"]
[PlyCount "153"]
[BlackTitle "II"]
[WhiteTitle "I"]

1.d4 Nf6 2.Bf4 g6 3.Nc3 Bg7 4.Qd2 h6 5.e4 d6 6.f3 c6 7.Bd3 Nbd7 8.e5 dxe5 
9.dxe5 Nh5 10.e6 Ne5 11.Bxe5 Bxe5 12.exf7+ Kxf7 13.g3 Bf5 14.O-O-O Bxd3 15.cxd3 
Bxc3 16.Qxc3 Nf6 17.Qc4+ Qd5 18.Ne2 b5 19.Qxd5+ Nxd5 20.Rhe1 Rad8 21.a3 a5 
22.Nc3 e6 23.Re4 Nf6 24.Re2 Rhe8 25.Kc2 Nd5 26.Re4 Nf6 27.Re5 Nd7 28.Re2 Nc5 
29.d4 Nd7 30.Ne4 Nf6 31.Nc5 Re7 32.f4 Nd5 33.Re5 Rde8 34.Rde1 Nf6 35.h3 h5 
36.R1e2 Nd7 37.Rg5 Nxc5 38.Rxc5 Rc8 39.Re3 Rd7 40.Kc3 Rd5 41.Rd3 Kf6 42.Kd2 
Rxc5 43.dxc5 Kf5 44.Ke3 e5 45.fxe5 Re8 46.Rd6 Rxe5+ 47.Kd4 Re4+ 48.Kd3 h4 
49.g4+ Ke5 50.Rxg6 Kd5 51.Rg5+ Re5 52.Rxe5+ Kxe5 53.Ke3 b4 54.axb4 axb4 55.b3 
Kf6 56.Ke4 Kg5 57.Ke5 Kg6 58.Kd6 Kg5 59.Kxc6 Kf4 60.Kb5 Kg3 61.g5 Kxh3 62.g6 
Kh2 63.g7 h3 64.g8=Q Kh1 65.Qd5+ Kg1 66.c6 h2 67.c7 h1=Q 68.Qxh1+ Kf2 69.c8=Q 
Ke3 70.Kxb4 Ke2 71.Qc2+ Ke3 72.Qh3+ Kd4 73.Qc4+ Ke5 74.Qh5+ Kf6 75.Qc6+ Kg7 
76.Qcg6+ Kf8 77.Qf7# 1-0

[Event "Najdorf Memorial B"]
[Site "Warsaw POL"]
[Date "2021.07.12"]
[Round "3.1"]
[White "Wyczesany, Dariusz"]
[Black "Rejniak, Zuzanna"]
[Result "0-1"]
[WhiteElo "1475"]
[BlackElo "1768"]
[EventDate "2021.07.10"]
[PlyCount "72"]
[LiveChessVersion "1.4.8"]

1.e4 {[%clk 1:30:55]} 1...c5 {[%clk 1:30:55]} 2.Nc3 {[%clk 1:31:19]} 2...a6 
{[%clk 1:31:19]} 3.g3 {[%clk 1:31:26]} 3...b5 {[%clk 1:31:14]} 4.Bg2 {[%clk
1:31:30]} 4...Bb7 {[%clk 1:31:04]} 5.a3 {[%clk 1:30:40]} 5...e6 {[%clk 1:28:50]} 
6.d3 {[%clk 1:29:36]} 6...Nf6 {[%clk 1:23:17]} 7.Nf3 {[%clk 1:28:14]} 7...d5 
{[%clk 1:16:17]} 8.e5 {[%clk 1:26:20]} 8...Nfd7 {[%clk 1:14:43]} 9.Qe2 {[%clk
1:26:35]} 9...Nc6 {[%clk 1:11:23]} 10.Bf4 {[%clk 1:25:36]} 10...Be7 {[%clk
1:05:23]} 11.O-O {[%clk 1:24:25]} 11...O-O {[%clk 1:03:46]} 12.Rfe1 b4 {[%clk
0:53:57]} 13.axb4 {[%clk 1:23:47]} 13...cxb4 {[%clk 0:53:42]} 14.Nb1 {[%clk
1:18:24]} 14...a5 {[%clk 0:49:49]} 15.h4 {[%clk 1:18:14]} 15...a4 {[%clk
0:45:53]} 16.Nbd2 {[%clk 1:13:01]} 16...a3 {[%clk 0:37:53]} 17.bxa3 {[%clk
1:13:17]} 17...bxa3 {[%clk 0:37:11]} 18.Nb3 {[%clk 1:12:01]} 18...Qc7 {[%clk
0:34:06]} 19.Qd2 {[%clk 1:00:08]} 19...Nc5 {[%clk 0:27:27]} 20.Nbd4 {[%clk
0:52:39]} 20...Nxd4 {[%clk 0:19:42]} 21.Nxd4 {[%clk 0:52:59]} 21...Bc6 {[%clk
0:16:24]} 22.Bg5 {[%clk 0:49:18]} 22...Bxg5 {[%clk 0:16:14]} 23.hxg5 {[%clk
0:47:36]} 23...Nd7 {[%clk 0:14:10]} 24.Qe2 {[%clk 0:36:29]} 24...Rfb8 {[%clk
0:12:19]} 25.Nb3 {[%clk 0:34:35]} 25...Bb5 {[%clk 0:09:29]} 26.f4 {[%clk
0:32:31]} 26...Qc3 {[%clk 0:08:23]} 27.Bf1 {[%clk 0:29:32]} 27...Rc8 {[%clk
0:07:35]} 28.Rec1 {[%clk 0:27:38]} 28...a2 {[%clk 0:05:38]} 29.Qd2 {[%clk
0:25:40]} 29...Qb2 {[%clk 0:03:53]} 30.Qf2 {[%clk 0:19:44]} 30...Ba4 {[%clk
0:03:17]} 31.Nd4 {[%clk 0:15:47]} 31...Rc3 {[%clk 0:01:37]} 32.Be2 {[%clk
0:09:31]} 32...Rac8 {[%clk 0:01:09]} 33.Bd1 {[%clk 0:09:34]} 33...Nc5 {[%clk
0:01:25]} 34.Ne2 {[%clk 0:02:33]} 34...Nxd3 {[%clk 0:01:38]} 35.Qd4 {[%clk
0:01:57]} 35...Nxc1 {[%clk 0:01:46]} 36.Nxc3 {[%clk 0:00:50]} 36...Qxa1 {[%clk
0:02:02]} 0-1